Biological control of weeds : (Record no. 6768)

MARC details
000 -LEADER
fixed length control field 00843cam a2200253 a 4500
001 - CONTROL NUMBER
control field BD-DhSAU 6768
003 - CONTROL NUMBER IDENTIFIER
control field BD-DhSAU
005 - DATE AND TIME OF LATEST TRANSACTION
control field 20150513141621.0
008 - FIXED-LENGTH DATA ELEMENTS--GENERAL INFORMATION
fixed length control field 980825s1992 enk rb 001 0 eng
020 ## - INTERNATIONAL STANDARD BOOK NUMBER
International Standard Book Number 08511987664
040 ## - CATALOGING SOURCE
Original cataloging agency BD-DhSAU
082 00 - DEWEY DECIMAL CLASSIFICATION NUMBER
Classification number 632.96
Edition number 22
Item number BIO
245 00 - TITLE STATEMENT
Title Biological control of weeds :
Remainder of title a world catalogue of agents and their target weeds /
Statement of responsibility, etc. Editor: M.H. Julien
250 ## - EDITION STATEMENT
Edition statement 3rd ed.
260 ## - PUBLICATION, DISTRIBUTION, ETC. (IMPRINT)
Place of publication, distribution, etc. Oxon ;
-- New York :
Name of publisher, distributor, etc. CABI Pub.,
Date of publication, distribution, etc. c1992.
300 ## - PHYSICAL DESCRIPTION
Extent x, 186 p. ;
Dimensions 30 cm.
504 ## - BIBLIOGRAPHY, ETC. NOTE
Bibliography, etc Includes bibliographical references and indexes.
590 ## - Name of Cataloguer
Name of Cataloger joy
650 #0 - SUBJECT ADDED ENTRY--TOPICAL TERM
Topical term or geographic name as entry element Weeds
General subdivision Biological control.
650 #0 - SUBJECT ADDED ENTRY--TOPICAL TERM
Topical term or geographic name as entry element Biological pest control agents.
700 1# - ADDED ENTRY--PERSONAL NAME
Personal name Julien, M. H.
700 1# - ADDED ENTRY--PERSONAL NAME
Personal name Griffiths, M. W.
856 42 - ELECTRONIC LOCATION AND ACCESS
Uniform Resource Identifier <a href="http://www.loc.gov/catdir/enhancements/fy0636/98037232-d.html">http://www.loc.gov/catdir/enhancements/fy0636/98037232-d.html</a>
942 ## - ADDED ENTRY ELEMENTS (KOHA)
Source of classification or shelving scheme Dewey Decimal Classification
Koha item type Book
Holdings
Withdrawn status Lost status Source of classification or shelving scheme Damaged status Not for loan Collection code Home library Branch Name Shelving location Date acquired Total Checkouts Full call number Barcode Date last seen Price effective from Koha item type
    Dewey Decimal Classification   Not For Loan Reference SAU Library SAU Library Reference 13/05/2015   632.96 BIO 22729 13/05/2015 13/05/2015 Book